Environmental law in property transactions (Record no. 109352)

MARC details
000 -LEADER
fixed length control field 01064cam a22003255a 4500
001 - CONTROL NUMBER
control field L146924
008 - FIXED-LENGTH DATA ELEMENTS--GENERAL INFORMATION
fixed length control field 090313s2009 xxk f 000 0 eng d
020 ## - INTERNATIONAL STANDARD BOOK NUMBER
International Standard Book Number 9781845921064
035 ## - SYSTEM CONTROL NUMBER
System control number (Sirsi) u146924
041 0# - LANGUAGE CODE
Language code of text/sound track or separate title eng
050 04 - LIBRARY OF CONGRESS CALL NUMBER
Classification number 614.7026 $2 18
100 1# - MAIN ENTRY--PERSONAL NAME
Personal name Waite, Andrew
245 00 - TITLE STATEMENT
Title Environmental law in property transactions
250 ## - EDITION STATEMENT
Edition statement 3rd ed.
260 ## - PUBLICATION, DISTRIBUTION, ETC.
Place of publication, distribution, etc. Haywards Heath
Name of publisher, distributor, etc. Tottel
Date of publication, distribution, etc. 2009
300 ## - PHYSICAL DESCRIPTION
Extent lxxiii, 590p.
Dimensions 25cm.
350 ## - PRICE (NR) (BK AM CF MU VM SE) [OBSOLETE]
Price 70
520 ## - SUMMARY, ETC.
Summary, etc. Examines the environmental issues which may arise during property conveyancing, and includes information on precedents and relevant case law. Also includes a new section on development contracts.
520 ## - SUMMARY, ETC.
Summary, etc. Supersedes 2nd edition (ISBN 0406923647).
521 ## - TARGET AUDIENCE NOTE
Target audience note Advanced
590 ## - LOCAL NOTE (RLIN)
Local note KA
651 #4 - SUBJECT ADDED ENTRY--GEOGRAPHIC NAME
Geographic name England and Wales
Chronological subdivision 1543-
690 ## - LOCAL SUBJECT ADDED ENTRY--TOPICAL TERM (OCLC, RLIN)
Topical term or geographic name as entry element ENVIRONMENTAL AND LAND CONSULTANCY
690 ## - LOCAL SUBJECT ADDED ENTRY--TOPICAL TERM (OCLC, RLIN)
Topical term or geographic name as entry element PROPERTY-PROPERTY ACQUISITION AND DISPOSAL-CONVEYANCING
700 1# - ADDED ENTRY--PERSONAL NAME
Personal name Jewell, Tim
700 1# - ADDED ENTRY--PERSONAL NAME
Personal name Jones, Gregory
700 1# - ADDED ENTRY--PERSONAL NAME
Personal name Fogleman, Valerie
942 ## - ADDED ENTRY ELEMENTS (KOHA)
Suppress in OPAC 0
Holdings
Withdrawn status Lost status Source of classification or shelving scheme Damaged status Not for loan Home library Current library Shelving location Date acquired Cost, normal purchase price Total Checkouts Full call number Barcode Date last seen Copy number Cost, replacement price Price effective from Koha item type
    Dewey Decimal Classification     London London Books 17/09/2009 70.00   614.7026 WAI 30076841 06/08/2019 1 70.00 06/08/2019 Book